Compensaciones del componente biótico (Registro nro. 20909)
[ vista simple ]
| 000 -CABECERA | |
|---|---|
| Campo de control | 01727nam a22003137a 4500 |
| 005 - FECHA Y HORA DE LA ULTIMA TRANSACCION | |
| Campo de control | 20200311060440.0 |
| 008 - ELEMENTOS DE LONGITUD FIJA—INFORMACION GENERAL | |
| Campo de control | 200311b xxu||||| |||| 00| 0 spa d |
| 020 ## - ISBN | |
| ISBN | 9789588901855 |
| 040 ## - FUENTE DE CATALOGACIÓN | |
| Agencia catalogadora original | CO-BoIAVH |
| Agencia transcriptora | CO-BoIAVH |
| 041 ## - IDIOMA | |
| Código de idioma para texto/pista de sonido o título separado | Español |
| 044 ## - PAÍS DE PUBLICACIÓN | |
| País de publicación | Colombia |
| 082 ## - NUMERO DE CLASIFICACION DECIMAL DEWEY | |
| Número de clasificación | 363.7 |
| Número del ítem | M66c |
| 110 ## - ASIENTO PRINCIPAL--NOMBRE CORPORATIVO | |
| 9 (RLIN) | 35161 |
| Nombre corporativo o de jurisdicción como elemento de entrada | Ministerio de Ambiente y Desarrollo Sostenible. |
| 245 ## - MENCION DE TITULO | |
| Título | Compensaciones del componente biótico |
| Parte restante del título | Caja de herramientas para su gestión |
| Mención de responsabilidad | Ministerio de Ambiente y desarrollo sostenible, colaboradores The Nature Conservancy y Fundación Santo Domingo |
| 260 ## - PUBLICACION, DISTRIBUCION, ETC. (PIE DE IMPRENTA) | |
| Lugar de publicación, distribución, etc. | Bogotá: |
| Nombre del editor, distribuidor, etc. | Ministerio de Ambiente y Desarrollo Sostenible, |
| Fecha de publicación, distribución, etc. | 2018. |
| 300 ## - DESCRIPCION FISICA | |
| Extensión | 61 , 35 , 16 y 20 páginas |
| Otros detalles físicos | Fotografías, ilustraciones, gráficos a color. |
| Dimensiones | 30.5 x 26 cm |
| 504 ## - NOTA DE BIBLIOGRAFIA, ETC. | |
| Nota de bibliografía | Los cuatro libros contienen referencias bibliográficas. |
| 505 ## - NOTA DE CONTENIDO | |
| Nota de contenido | La obra está divida en cuatro partes cada uno en un libro diferente.<br/>Primer libro: Manual de compensaciones del componente biótico.(Libro azul)<br/>Segundo libro: Bancos de hábitat. Mecanismo para la implementación de compensaciones bióticas. (Libro amarillo)<br/>Tercer libro: Bosques de paz. Mecanismos para la implementación de compensaciones. (Libro morado)<br/>Cuarto libro: La restauración como acción de compensación para proyectos licenciables. (Libro verde) |
| 650 #0 - ASIENTO SECUNDARIO DE MATERIA - TERMINO TEMATICO | |
| 9 (RLIN) | 71476 |
| Término temático o nombre geográfico como elemento de entrada | Compensación ambiental |
| 650 #0 - ASIENTO SECUNDARIO DE MATERIA - TERMINO TEMATICO | |
| 9 (RLIN) | 10860 |
| Término temático o nombre geográfico como elemento de entrada | Reservas forestales |
| 650 #0 - ASIENTO SECUNDARIO DE MATERIA - TERMINO TEMATICO | |
| 9 (RLIN) | 7551 |
| Término temático o nombre geográfico como elemento de entrada | Impacto ambiental |
| 650 #0 - ASIENTO SECUNDARIO DE MATERIA - TERMINO TEMATICO | |
| 9 (RLIN) | 41730 |
| Término temático o nombre geográfico como elemento de entrada | Fauna y Flora |
| 650 #0 - ASIENTO SECUNDARIO DE MATERIA - TERMINO TEMATICO | |
| 9 (RLIN) | 3615 |
| Término temático o nombre geográfico como elemento de entrada | Cobertura vegetal |
| 650 #0 - ASIENTO SECUNDARIO DE MATERIA - TERMINO TEMATICO | |
| 9 (RLIN) | 96179 |
| Término temático o nombre geográfico como elemento de entrada | Restauración de ecosistemas |
| 650 #0 - ASIENTO SECUNDARIO DE MATERIA - TERMINO TEMATICO | |
| 9 (RLIN) | 2521 |
| Término temático o nombre geográfico como elemento de entrada | Paisaje |
| 710 ## - ASIENTO SECUNDARIO - NOMBRE CORPORATIVO | |
| 9 (RLIN) | 22612 |
| Nombre corporativo o de jurisdicción como elemento de entrada | The Nature Conservancy |
| Término de relación | Colaborador |
| 710 ## - ASIENTO SECUNDARIO - NOMBRE CORPORATIVO | |
| 9 (RLIN) | 102797 |
| Nombre corporativo o de jurisdicción como elemento de entrada | Fundación Mario Santo Domingo |
| 942 ## - ELEMENTOS ADICIONALES (KOHA) | |
| Sistema de clasificación | Dewey Decimal Classification |
| Tipo de ítem | Libro |
| Withdrawn status | Lost status | Sistema de Clasificación | Damaged status | No para préstamo | Colección | Ubicación Permanente | Ubicación actual | Fecha de adquisición | Total Checkouts | Número topográfico | Inventario / Código de Barras | Date last seen | Ejemplar | Price effective from | Forma de adquisición | Tipo de material |
|---|---|---|---|---|---|---|---|---|---|---|---|---|---|---|---|---|
| Dewey Decimal Classification | General | Bogotá | Bogotá | 11/03/2020 | LB-363.7 M66c | 044144 | 11/03/2020 | Ej. 1 | 11/03/2020 | Donación | Libro |